000 00906nam a2200265Ia 4500
003 OSt
005 20220918171353.0
006 a|||||r|||| 00| 0
007 ta
008 220917b |||||||| |||| 00| 0 eng d
020 _a9781555707767 (pbk)
_c4137.75
024 _a269,207
037 _b36983, 07/03/2013, Segment Book Distributors
_cTextual
040 _aARTS
_cARTS
_beng
041 _2eng
_aeng
082 _a2:81:(D65,8(B)), Q2
100 _aKaplan Richard Ed.
_936140
245 0 _aBuilding and managing e - book collections
_b A how-to-do-it manual for librarians
260 _aChicago
_bNeal Schuman U.S.A
_c2012
300 _axv, 197p.
_ccm.
490 _aHow - to - do it manual for librarians
650 _aLIBRARY SCIENCE
942 _h2:81:(D65,8(B)), Q2
_cTEXL
_2CC
999 _c139243
_d139243